<?xml version="1.0" encoding="UTF-8"?>
<record
    xmlns:xsi="http://www.w3.org/2001/XMLSchema-instance"
    xsi:schemaLocation="http://www.loc.gov/MARC21/slim http://www.loc.gov/standards/marcxml/schema/MARC21slim.xsd"
    xmlns="http://www.loc.gov/MARC21/slim">

  <leader>00396nam a2200133   4500</leader>
  <controlfield tag="005">20241005115334.0</controlfield>
  <controlfield tag="008">220330b           ||||| |||| 00| 0 eng d</controlfield>
  <datafield tag="022" ind1=" " ind2=" ">
    <subfield code="a">1675414X</subfield>
  </datafield>
  <datafield tag="040" ind1=" " ind2=" ">
    <subfield code="c">AL</subfield>
  </datafield>
  <datafield tag="245" ind1=" " ind2=" ">
    <subfield code="a">Journal of Information and Communication Technology</subfield>
  </datafield>
  <datafield tag="260" ind1=" " ind2=" ">
    <subfield code="a">Malaysia</subfield>
    <subfield code="b">Universiti Utara Malaysia Press</subfield>
  </datafield>
  <datafield tag="856" ind1=" " ind2=" ">
    <subfield code="u">https://e-journal.uum.edu.my/index.php/jict</subfield>
  </datafield>
  <datafield tag="942" ind1=" " ind2=" ">
    <subfield code="2">ddc</subfield>
    <subfield code="c">PR</subfield>
    <subfield code="s">1</subfield>
  </datafield>
  <datafield tag="999" ind1=" " ind2=" ">
    <subfield code="c">222095</subfield>
    <subfield code="d">222095</subfield>
  </datafield>
  <datafield tag="952" ind1=" " ind2=" ">
    <subfield code="0">0</subfield>
    <subfield code="1">0</subfield>
    <subfield code="2">ddc</subfield>
    <subfield code="4">0</subfield>
    <subfield code="7">1</subfield>
    <subfield code="a">AL</subfield>
    <subfield code="b">AL</subfield>
    <subfield code="c">PS</subfield>
    <subfield code="d">2022-03-30</subfield>
    <subfield code="l">0</subfield>
    <subfield code="r">2022-03-30 00:00:00</subfield>
    <subfield code="w">2022-03-30</subfield>
    <subfield code="y">PR</subfield>
  </datafield>
  <datafield tag="952" ind1=" " ind2=" ">
    <subfield code="0">0</subfield>
    <subfield code="1">0</subfield>
    <subfield code="2">ddc</subfield>
    <subfield code="4">0</subfield>
    <subfield code="7">1</subfield>
    <subfield code="a">AL</subfield>
    <subfield code="b">AL</subfield>
    <subfield code="c">PS</subfield>
    <subfield code="d">2022-03-30</subfield>
    <subfield code="h">Vol. 21, No. 1</subfield>
    <subfield code="l">0</subfield>
    <subfield code="p">ICT2101</subfield>
    <subfield code="r">2022-03-30 00:00:00</subfield>
    <subfield code="w">2022-03-30</subfield>
    <subfield code="y">PR</subfield>
  </datafield>
  <datafield tag="952" ind1=" " ind2=" ">
    <subfield code="0">0</subfield>
    <subfield code="1">0</subfield>
    <subfield code="2">ddc</subfield>
    <subfield code="4">0</subfield>
    <subfield code="7">0</subfield>
    <subfield code="a">AL</subfield>
    <subfield code="b">AL</subfield>
    <subfield code="c">PS</subfield>
    <subfield code="d">2022-11-16</subfield>
    <subfield code="h">Vol. 21, No. 2</subfield>
    <subfield code="l">0</subfield>
    <subfield code="p">ICT2102</subfield>
    <subfield code="r">2022-11-16 00:00:00</subfield>
    <subfield code="w">2022-11-16</subfield>
    <subfield code="y">PR</subfield>
  </datafield>
  <datafield tag="952" ind1=" " ind2=" ">
    <subfield code="0">0</subfield>
    <subfield code="1">0</subfield>
    <subfield code="2">ddc</subfield>
    <subfield code="4">0</subfield>
    <subfield code="7">0</subfield>
    <subfield code="a">AL</subfield>
    <subfield code="b">AL</subfield>
    <subfield code="c">PS</subfield>
    <subfield code="d">2022-12-05</subfield>
    <subfield code="h">Vol. 21, No. 3</subfield>
    <subfield code="l">0</subfield>
    <subfield code="p">ICT2103</subfield>
    <subfield code="r">2022-12-05 00:00:00</subfield>
    <subfield code="w">2022-12-05</subfield>
    <subfield code="y">PR</subfield>
  </datafield>
  <datafield tag="952" ind1=" " ind2=" ">
    <subfield code="0">0</subfield>
    <subfield code="1">0</subfield>
    <subfield code="2">ddc</subfield>
    <subfield code="4">0</subfield>
    <subfield code="7">0</subfield>
    <subfield code="a">AL</subfield>
    <subfield code="b">AL</subfield>
    <subfield code="c">PS</subfield>
    <subfield code="d">2022-12-05</subfield>
    <subfield code="h">Vol. 21, No. 4</subfield>
    <subfield code="l">0</subfield>
    <subfield code="p">ICT2104</subfield>
    <subfield code="r">2022-12-05 00:00:00</subfield>
    <subfield code="w">2022-12-05</subfield>
    <subfield code="y">PR</subfield>
  </datafield>
  <datafield tag="952" ind1=" " ind2=" ">
    <subfield code="0">0</subfield>
    <subfield code="1">0</subfield>
    <subfield code="2">ddc</subfield>
    <subfield code="4">0</subfield>
    <subfield code="7">0</subfield>
    <subfield code="a">AL</subfield>
    <subfield code="b">AL</subfield>
    <subfield code="c">PS</subfield>
    <subfield code="d">2023-10-19</subfield>
    <subfield code="h">Vol. 22, No. 1</subfield>
    <subfield code="l">0</subfield>
    <subfield code="r">2023-10-19 00:00:00</subfield>
    <subfield code="w">2023-10-19</subfield>
    <subfield code="y">PR</subfield>
  </datafield>
  <datafield tag="952" ind1=" " ind2=" ">
    <subfield code="0">0</subfield>
    <subfield code="1">0</subfield>
    <subfield code="2">ddc</subfield>
    <subfield code="4">0</subfield>
    <subfield code="7">0</subfield>
    <subfield code="a">AL</subfield>
    <subfield code="b">AL</subfield>
    <subfield code="c">PS</subfield>
    <subfield code="d">2023-10-19</subfield>
    <subfield code="h">Vol. 22, No. 2</subfield>
    <subfield code="l">0</subfield>
    <subfield code="r">2023-10-19 00:00:00</subfield>
    <subfield code="w">2023-10-19</subfield>
    <subfield code="y">PR</subfield>
  </datafield>
  <datafield tag="952" ind1=" " ind2=" ">
    <subfield code="0">0</subfield>
    <subfield code="1">0</subfield>
    <subfield code="2">ddc</subfield>
    <subfield code="4">0</subfield>
    <subfield code="7">0</subfield>
    <subfield code="a">AL</subfield>
    <subfield code="b">AL</subfield>
    <subfield code="c">PS</subfield>
    <subfield code="d">2023-10-19</subfield>
    <subfield code="h">Vol. 22, No. 3</subfield>
    <subfield code="l">0</subfield>
    <subfield code="r">2023-10-19 00:00:00</subfield>
    <subfield code="w">2023-10-19</subfield>
    <subfield code="y">PR</subfield>
  </datafield>
  <datafield tag="952" ind1=" " ind2=" ">
    <subfield code="0">0</subfield>
    <subfield code="1">0</subfield>
    <subfield code="2">ddc</subfield>
    <subfield code="4">0</subfield>
    <subfield code="7">0</subfield>
    <subfield code="a">AL</subfield>
    <subfield code="b">AL</subfield>
    <subfield code="c">PS</subfield>
    <subfield code="d">2024-04-27</subfield>
    <subfield code="h">Vol. 22, No. 4</subfield>
    <subfield code="l">0</subfield>
    <subfield code="r">2024-04-27 00:00:00</subfield>
    <subfield code="w">2024-04-27</subfield>
    <subfield code="y">PR</subfield>
  </datafield>
  <datafield tag="952" ind1=" " ind2=" ">
    <subfield code="0">0</subfield>
    <subfield code="1">0</subfield>
    <subfield code="2">ddc</subfield>
    <subfield code="4">0</subfield>
    <subfield code="7">0</subfield>
    <subfield code="a">AL</subfield>
    <subfield code="b">AL</subfield>
    <subfield code="c">PS</subfield>
    <subfield code="d">2024-10-04</subfield>
    <subfield code="h">Vol. 23, No. 1</subfield>
    <subfield code="l">0</subfield>
    <subfield code="r">2024-10-04 00:00:00</subfield>
    <subfield code="w">2024-10-04</subfield>
    <subfield code="y">PR</subfield>
  </datafield>
  <datafield tag="952" ind1=" " ind2=" ">
    <subfield code="0">0</subfield>
    <subfield code="1">0</subfield>
    <subfield code="2">ddc</subfield>
    <subfield code="4">0</subfield>
    <subfield code="7">0</subfield>
    <subfield code="a">AL</subfield>
    <subfield code="b">AL</subfield>
    <subfield code="c">PS</subfield>
    <subfield code="d">2024-10-04</subfield>
    <subfield code="h">Vol. 23, No. 2</subfield>
    <subfield code="l">0</subfield>
    <subfield code="r">2024-10-04 00:00:00</subfield>
    <subfield code="w">2024-10-04</subfield>
    <subfield code="y">PR</subfield>
  </datafield>
  <datafield tag="952" ind1=" " ind2=" ">
    <subfield code="0">0</subfield>
    <subfield code="1">0</subfield>
    <subfield code="2">ddc</subfield>
    <subfield code="4">0</subfield>
    <subfield code="7">0</subfield>
    <subfield code="a">AL</subfield>
    <subfield code="b">AL</subfield>
    <subfield code="c">PS</subfield>
    <subfield code="d">2025-05-05</subfield>
    <subfield code="h">Vol. 24, No. 1</subfield>
    <subfield code="l">0</subfield>
    <subfield code="r">2025-05-05 12:37:06</subfield>
    <subfield code="w">2025-05-05</subfield>
    <subfield code="y">PR</subfield>
  </datafield>
  <datafield tag="952" ind1=" " ind2=" ">
    <subfield code="0">0</subfield>
    <subfield code="1">0</subfield>
    <subfield code="2">ddc</subfield>
    <subfield code="4">0</subfield>
    <subfield code="7">0</subfield>
    <subfield code="a">AL</subfield>
    <subfield code="b">AL</subfield>
    <subfield code="c">PS</subfield>
    <subfield code="d">2025-09-03</subfield>
    <subfield code="h">Vol. 24, No. 2</subfield>
    <subfield code="l">0</subfield>
    <subfield code="r">2025-09-03 15:51:14</subfield>
    <subfield code="w">2025-09-03</subfield>
    <subfield code="y">PR</subfield>
  </datafield>
  <datafield tag="952" ind1=" " ind2=" ">
    <subfield code="0">0</subfield>
    <subfield code="1">0</subfield>
    <subfield code="2">ddc</subfield>
    <subfield code="4">0</subfield>
    <subfield code="7">0</subfield>
    <subfield code="a">AL</subfield>
    <subfield code="b">AL</subfield>
    <subfield code="c">PS</subfield>
    <subfield code="d">2026-02-25</subfield>
    <subfield code="h">Vol. 24, No. 3</subfield>
    <subfield code="l">0</subfield>
    <subfield code="r">2026-02-25 08:53:09</subfield>
    <subfield code="w">2026-02-25</subfield>
    <subfield code="y">PR</subfield>
  </datafield>
  <datafield tag="952" ind1=" " ind2=" ">
    <subfield code="0">0</subfield>
    <subfield code="1">0</subfield>
    <subfield code="2">ddc</subfield>
    <subfield code="4">0</subfield>
    <subfield code="7">0</subfield>
    <subfield code="a">AL</subfield>
    <subfield code="b">AL</subfield>
    <subfield code="c">PS</subfield>
    <subfield code="d">2026-04-28</subfield>
    <subfield code="h">Vol. 24, No. 4</subfield>
    <subfield code="l">0</subfield>
    <subfield code="r">2026-04-28 16:38:44</subfield>
    <subfield code="w">2026-04-28</subfield>
    <subfield code="y">PR</subfield>
  </datafield>
  <datafield tag="952" ind1=" " ind2=" ">
    <subfield code="0">0</subfield>
    <subfield code="1">0</subfield>
    <subfield code="2">ddc</subfield>
    <subfield code="4">0</subfield>
    <subfield code="7">0</subfield>
    <subfield code="a">AL</subfield>
    <subfield code="b">AL</subfield>
    <subfield code="c">PS</subfield>
    <subfield code="d">2026-06-01</subfield>
    <subfield code="h">Vol. 25, No. 1</subfield>
    <subfield code="l">0</subfield>
    <subfield code="r">2026-06-01 12:45:08</subfield>
    <subfield code="w">2026-06-01</subfield>
    <subfield code="y">PR</subfield>
  </datafield>
</record>
